Rainbow Six Siege - Real Operator Names - Statistics

General Stats
  • This quiz has been taken 20 times
  • The average score is 16 of 79
Answer Stats
Operator Name Real Name % Correct
Sledge Seamus Cowden
75%
Ash Eliza Cohen
50%
Warden Collinn McKinley
38%
Solid Snake David
38%
Ela Elżbieta Bosak
38%
Twitch Emmanuelle Pichon
38%
Dokkaebi Grace Nam
38%
Pulse Jack Estrada
38%
Smoke James Porter
38%
Thermite Jordan Trace
38%
Jäger Marius Streicher
38%
Thatcher Mike Baker
38%
IQ Monika Weiss
38%
Buck Sebastien Côté
38%
Caveira Taina Pereira
38%
Glaz Timur Glazkov
38%
Hibana Yumiko Imagawa
38%
Zofia Zofia Bosak
38%
Maestro Adriano Martello
25%
Tachanka Alexsandr Senaviev
25%
Alibi Aria de Luca
25%
Goyo César Ruiz Hernández
25%
Blackbeard Craig Jenson
25%
Bandit Dominic Brunsmeier
25%
Mira Elena María Álvarez
25%
Blitz Elias Kötz
25%
Maverick Erik Thorn
25%
Deimos Gerald Morris
25%
Montagne Gilles Touré
25%
Doc Gustave Kateb
25%
Kaid Jalal El Fassi
25%
Rook Julien Nizan
25%
Skopós Kure Galanos
25%
Finka Lera Melnikova
25%
Mozzie Max Goose
25%
Kapkan Maxim Basuda
25%
Castle Miles Campbell
25%
Thunderbird Mina Sky
25%
Jackal Ryad Ramírez Al-Hassar
25%
Zero Samuel Leo Fisher
25%
Nomad Sanaa El Maktoub
25%
Fuse Shuhrat Kessikbayev
25%
Frost Tina Lin Tsang
25%
Osa Anja Katarina Janković
13%
Aruni Apha Tawanroong
13%
Thorn Brianna Skehan
13%
V10 Pantheon Shell #1 Colossus
13%
Fenrir Emil Svensson
13%
Ace Håvard Haugland
13%
Kali Jaimini Kalimohan Shah
13%
Nøkk Karina Gaarddhøje
13%
Denari Leon Winzenried
13%
Lesion Liu Tze Long
13%
Mute Mark R. Chandar
13%
Valkyrie Meghan J. Castellano
13%
Clash Morowa Evans
13%
Lion Olivier Flament
13%
Oryx Saif Al Hadid
13%
Ying Siu Mei Lin
13%
V10 Pantheon Shell #2 Talos
13%
Striker Undefined
13%
Sentry Undefined
13%
Capitão Vicente Souza
13%
Solis Ana Valentina Diaz
0%
Amaru Azucena Rocío Quispe
0%
Grim Charlie Tho Keng Boon
0%
Ram Choi Bo-ram
0%
Rauora Hāpai Iwini
0%
Vigil Hwa Chul-kyung
0%
Tubarão Isaac Nunes Oliveira
0%
Azami Kana Fujiwara
0%
Echo Masaru Enatsu
0%
Brava Nayara Cardoso
0%
Sens Néon Ngoma Mutombo
0%
Wamai Ngũgĩ Muchoki Furaha
0%
Iana Nienke Meijer
0%
Flores Santiago Miguel Lucero
0%
Melusi Thandiwe Ndlovu
0%
Gridlock Tori Tallyo Fairous
0%
No matching quizzes found
Score Distribution
Percent of People with Each Score
Percentile by Number Answered
Your Score History
You have not taken this quiz